Transformaė̳s no mundo do trabalho e redesenhos institucionais trabalho, instituiė̳s e direitos 2014

Bibliographic Details
Main Author: da Silva, Sayonara Grillo Coutinho Leona
Format: eBook
Language:Portuguese
Published: San Pablo: LTR Editora, 2014
Subjects:
Online Access:Acceso restringido

MARC

LEADER 00000nam a22000007a 4500
005 2015052905245.0
007 cr|||| ||||
008 150529s2014 br |||||s|||| 00||0 por d
020 |a 978-85-361-3228-0 
035 |a 12723 
040 |a vLex 
090 |c 5460  |d 5460 
100 1 |a da Silva, Sayonara Grillo Coutinho Leona 
245 1 0 |a Transformaė̳s no mundo do trabalho e redesenhos institucionais trabalho, instituiė̳s e direitos 2014  |h [Recurso electrn̤ico] /  |c Sayonara Grillo Coutinho Leona da Silva 
256 |a Servicio en ln̕ea 
260 |a San Pablo:  |b LTR Editora,  |c 2014 
300 |a 1 recurso electrn̤ico 
500 |a Colaboradores: Ana Lus̕a de Souza C. de Melo Palmisciano; Antonio Baylos Grau; Beatriz Pereira dos Santos; Camila Hecksher Monteiro; Carolina Pereira Lins Mesquita; Clarisse Ins̊ de Oliveira; Cleber Magalhês; Cristiane de Oliveira Igreja; Daniele Gabrich Gueiros; Eleonora Kira Valdez de Moura; Fernando Valdš Dal-R;̌ Ivan Sime̳s Garcia; Jamile Khede Israel; Karen Arthur; Karina Viana de Freitas; Mr̀cia Regina C. Barroso; Mariana Chaves de Oliveira Maglione; Mario Lus̕ Gambacorta; Nathalia Cavaliere do Amarante; Oscar Zas; Roberta Pimentel de Barros; Roberta Toledo Barcellos; Rodrigo de Lacerda Carelli; Rosangela Lunardelli Cavallazzi; Sayonara Grillo Coutinho Leonardo da Silva. 
506 1 |a Disponible solo en los productos indicados  |d vLex Global  |d vLex Global (Academic Edition, excluding Law Schools)  |d vLex Global (U.S. Academic Edition, Law Schools)  |d vLex Global (U.S. Academic Edition, excluding Law Schools)  |d vLex Global (Academic Edition, Law Schools) 
650 0 4 |a Derecho Laboral y Seguridad Social  |z Brasil 
740 0 |a vLex Libros (Servicio en ln̕ea) 
856 4 0 |u http://vlex.com/source/transforma-es-no-mundo-do-trabalho-e-redesenhos-institucionais-trabalho-institui-es-e-direitos-2014-12723  |z Acceso restringido 
942 |c BOOK 
999 0 |a Labor and Social Security